Guess which song the lyric is from (the life of a showgirl) - Statistics

General Stats
  • This quiz has been taken 96 times
  • The average score is 12 of 15
Answer Stats
Question Answer % Correct
Which song is this lyric from? "And when anyone called me "lovely"/They were finding ways not to praise me/But you say it like you're in awe of me" Honey
95%
Which song is this lyric from? "That view of Portofino was on my mind when you called me at the Plaza Athénée/Ooh-ooh, oftentimes it doesn't feel so glamorous to be me" Elizabeth Taylor
92%
Which song is this lyric from? "I really gotta hand it to you, ooh/No man has ever loved me like you do" Actually Romantic
87%
Which song is this lyric from? "Did you make a joke only a man could?/Were you just too smug for your own good?/Or bring a tiny violin to a knife fight?" CANCELLED!
87%
Which song is this lyric from? "They were saying that skirt don't fit me/And I cried the whole way home" Honey
86%
Which song is this lyric from? "But love was a cold bed full of scorpions/The venom stole her sanity" The Fate of Ophelia
86%
Which song is this lyric from? "As legend has it you are quite the pyro/You light the match to watch it blow" The Fate of Ophelia
86%
Which song is this lyric from? "Do you wanna take a skate on the ice inside my veins?/They ripped me off like false lashes and then threw me away" The Life of a Showgirl
86%
Which song is this lyric from? "You want a fight? You found it, I got the place surrounded/You'll be sleeping with the fishes before you know you're drowning" Father Figure
85%
Which song is this lyric from? "You know, thе last time I laughed this hard was/On the trampoline in somebody's backyard" Eldest Daughter
84%
Which song is this lyric from? "I thought my house was haunted/I used to live with ghosts" Opalite
84%
Which song is this lyric from? "Penny's unlucky, I took him back/And then stepped on a crack/And the black cat laughed" Wood
84%
Which song is this lyric from? "Shiny wood floors underneath my feet/Disco ball makes everything look cheap" Ruin the friendship
68%
Which song is this lyric from? "I thought I had it right, once, twice, but I did not (I did not)/You caught me off my guard" Wi$h Li$t
60%
Which song is this lyric from? "Hey, what could you possibly get for the girl who has everything and nothing all at once" Elizabeth Taylor
59%
No matching quizzes found
Score Distribution
Percent of People with Each Score
Percentile by Number Answered
Your Score History
You have not taken this quiz